| 000 | 00759nam a22002657a 4500 | ||
|---|---|---|---|
| 001 | 7350 | ||
| 003 | FISKH | ||
| 005 | 20250710102924.0 | ||
| 008 | 250710b cb ||||| |||| 00| 0 eng d | ||
| 020 | _a9781595159526 | ||
| 040 |
_aFISKH _beng _cFISKH _dFISKH |
||
| 050 | _aPC4680.S377 | ||
| 082 | _a468.2 | ||
| 100 | _aSchaefer, Ted | ||
| 245 |
_aReady for school / _cTed Schaefer |
||
| 260 |
_aMinnesota : _bRourke Education Media, _c2007. |
||
| 300 |
_a16 pages : _bcolor illustrations ; _c21 cm |
||
| 505 | _aE | ||
| 520 | _aDescribes The Tools Needed To Be Ready For School. | ||
| 521 | 8 |
_a200
_bLexile estimate |
|
| 521 | 8 |
_aE
_bRaz-Plus |
|
| 650 |
_aSchool Readiness _vVocabulary Builder |
||
| 942 |
_2ddc _cBK _n0 |
||
| 999 |
_c7350 _d7350 |
||